000 01391cgm a2200337 4500
001 J84321
008 090401t1997 xxu||||| |||| 00| 0 eng d
035 _a(Sirsi) u78711
041 _aeng
050 _a347.4109
100 _aSalata, Anthony
245 _aArbitration 1995 and 1996 legislation: guidance on giving evidence and arbitration under the Civil Defence Act 1995 (sic. i.e. Civil Evidence Act 1995 and the Arbitration Act 1996 (sound recording).
260 _aLondon
_bRICS
_c1997
300 _a1 audiocassette (60 mins.)
350 _a14.1
490 _aOwlion Audio Programme
520 _aPractical guidance on giving evidence and arbitration under the Civil Evidence Act 1995 with references to the RICS Practice Statement on acting as an expert witness.
650 _aARBITRATION ACT 1996
650 _aMANAGEMENT-DISPUTE AVOIDANCE, MANAGEMENT AND RESOLUTION-DISPUTE MANAGEMENT AND RESOLUTION-ARBITRATION
650 _aCIVIL EVIDENCE ACT 1995
650 _aEVIDENCE
650 _aEXPERT WITNESSES
690 _aMANAGEMENT-DISPUTE AVOIDANCE, MANAGEMENT AND RESOLUTION-DISPUTE MANAGEMENT AND RESOLUTION-ARBITRATION
700 _aWebber, Lesley
700 _aRose, Norman
700 _aTaylor, Peter.
710 _aRoyal Institution of Chartered Surveyors
_94900
710 _aCollege of Estate Management
_9400
942 _n0
948 _c03/06/1997
999 _c85351
_d85351